00630nam a2200169 4500999001900000008004100019100003700060245012200097260004400219300003300263650003400296650002400330700002800354773004400382906002200426942001200448 c512741d512741191213b ||||| |||| 00| 0 eng d aSouza, Siddharth Peter de914500 a;The need for nudges by the Supreme Court of India: The case of the appointment and removal of the Governors in India bIndian Journal of Public Administration a65(2), Jun, 2019: p.390-408. aSupreme Court - India 914501 aNudge theory914502 aAgarwala, Aayush914503 aIndian Journal of Public Administration aGovernors - India 2ddccAR